000 00447nam a2200169Ia 4500
008 220216s9999 xx 000 0 und d
100 _aAli R
245 0 _aSri Lankas rubber industry: Succeeding in the global market
260 _bWorld Bank Discussion Papers
_c1997
300 _a108p
500 _aSource Year: 1998
650 _aGlobal rubber industry
700 _aChoudhry Y A
700 _aLister D W
856 _uAEDR
942 _cJS
999 _c69193
_d69193